书目信息 |
| 题名: |
鲁迅文集
|
|
| 作者: | 鲁迅 著 | |
| 分册: | 散文诗歌卷 | |
| 出版信息: | 北京 中国商业出版社 2016 |
|
| 页数: | 327页 | |
| 开本: | 24cm | |
| 丛书名: | ||
| 单 册: | ||
| 中图分类: | I210.2 , I210.4 , I210.5 | |
| 科图分类: | ||
| 主题词: | 鲁迅著作--作品集 , 鲁迅散文--散文集 , 鲁迅诗歌--诗集 | |
| 电子资源: | ||
| ISBN: | 978-7-5044-9126-8 | |
| 000 | 01047nam0 2200289 450 | |
| 001 | 012001002667 | |
| 005 | 20140926114740.0 | |
| 010 | @a978-7-5044-9126-8@b精装@dCNY35.00 | |
| 100 | @a20160119d2016 em y0chiy50 ea | |
| 101 | 0 | @achi |
| 102 | @aCN@b110000 | |
| 105 | @ay z 000zy | |
| 106 | @ar | |
| 200 | 1 | @a鲁迅文集@9lu xun wen ji@i散文诗歌卷@b专著@f鲁迅著 |
| 210 | @a北京@c中国商业出版社@d2016 | |
| 215 | @a327页@d24cm | |
| 300 | @a无障碍阅读 珍藏版 | |
| 330 | @a鲁迅,中国现代伟大的文学家、思想家和革命家。鲁迅的一生,对中国文化事业作出了巨大的贡献。本书稿收录鲁迅先生创作的部份散文诗歌著作:散文诗集《野草》;散文集《朝花夕拾》和其他散文汇编。诗歌包括旧体诗和新体诗。鲁迅的作品被译成英、日、俄、西、法、德、阿拉伯等50多种文字,在世界各地拥有广大的读者。 | |
| 606 | 0 | @a鲁迅著作@x作品集 |
| 606 | 0 | @a鲁迅散文@x散文集 |
| 606 | 0 | @a鲁迅诗歌@x诗集 |
| 690 | @aI210.2@v5 | |
| 690 | @aI210.4@v5 | |
| 690 | @aI210.5@v5 | |
| 701 | 0 | @a鲁迅@9lu xun@4著 |
| 801 | 0 | @aCN@b上海新华@c20180901 |
| 905 | @b1158415-9@dI210.2@e337@f5 | |
| 鲁迅文集.散文诗歌卷/鲁迅著.-北京:中国商业出版社,2016 |
| 327页;24cm |
| 无障碍阅读 珍藏版 |
| ISBN 978-7-5044-9126-8(精装):CNY35.00 |
| 鲁迅,中国现代伟大的文学家、思想家和革命家。鲁迅的一生,对中国文化事业作出了巨大的贡献。本书稿收录鲁迅先生创作的部份散文诗歌著作:散文诗集《野草》;散文集《朝花夕拾》和其他散文汇编。诗歌包括旧体诗和新体诗。鲁迅的作品被译成英、日、俄、西、法、德、阿拉伯等50多种文字,在世界各地拥有广大的读者。 |
| ● |
| 相关链接 |
|
|
|
|
正题名:鲁迅文集
索取号:I210.2/337
 
预约/预借
| 序号 | 登录号 | 条形码 | 馆藏地/架位号 | 状态 | 备注 |
| 1 | 1158415 | 211584150 | 第一样本阅览室/ [索取号:I210.2/337] | 在馆 | |
| 2 | 1158416 | 211584169 | 密集书库-文学院/ [索取号:I210.2/337] | 在馆 | |
| 3 | 1158417 | 211584178 | 第二借阅区/ [索取号:I210.2/337] | 在馆 | |
| 4 | 1158418 | 211584187 | 第二借阅区/ [索取号:I210.2/337] | 在馆 | |
| 5 | 1158419 | 211584196 | 第二借阅区/ [索取号:I210.2/337] | 在馆 |